00000000cas 2200000zi 4500
0019.914521
003CaOODSP
00520260507165736
006m     o  d f      
007cr cn ||||||||
008220816c20229999oncar p o    f0###b0fre|d
022 |a2816-8585
040 |aCaOODSP|bfre|erda|cCaOODSP
043 |an-cn---
0861 |aPS61-44F-PDF
1102 |aCentre indépendant pour la résolution du harcèlement.|eauteur.
222 0|aRapport annuel |b(Centre indépendant pour la résolution du harcèlement)
24510|aRapport annuel / |cCentre indépendant pour la résultion du harcèlement.
264 1|a[Ottawa] : |b[Gendarmerie royale du Canada], |c[2022]-
310 |aAnnuel
336 |atexte|btxt|2rdacontent/fre
337 |ainformatique|bc|2rdamedia/fre
338 |aressource en ligne|bcr|2rdacarrier/fre
3621 |aParaît depuis : 2021/2022.
500 |aPublié aussi en anglais sous le titre : Annual report.
588 |aDescription d'après : 2021/2022; titre de la page couverture du fichier PDF.
588 |aDernière livraison consultée : 2024.
61026|aGendarmerie royale du Canada|vPériodiques.
650 6|aHarceĢ€lement en milieu de travail|zCanada|vPériodiques.
650 6|aViolence en milieu de travail|zCanada|vPériodiques.
655 7|aPériodiques|2rvmgf
7102 |aGendarmerie royale du Canada, |eorganisme de publication.
77508|tAnnual report / |w(CaOODSP)9.914520